Scientists by Achievement - Statistics

General Stats
  • This quiz has been taken 114 times
    92 since last reset
  • The average score is 14 of 25
Answer Stats
Achievement Scientist % Correct
Constructed the first mathematical theory of gravity Isaac Newton
96%
Invented the periodic table Dmitri Mendeleev
90%
Development of the theory of relativity from which the famous mass-energy equivalence formula arises Albert Einstein
88%
Nobel laureate credited with the discovery of radium and polonium Marie Curie / Pierre Curie
83%
Known for discovering the principles of vaccination and pasteurisation Louis Pasteur
81%
Discovered penicillin Alexander Fleming
79%
Italian astronomer who telescopically confirmed the phases of Venus Galileo Galilei
75%
The number of atoms in a mole is named after this chemist Amadeo Avogadro
73%
Determined the 'absolute zero' of temperature Lord Kelvin
73%
Codebreaker who invented the first computer Alan Turing
69%
Wrote a famous set of four equations describing electromagnetism James Clerk Maxwell
63%
Discovered electromagnetic induction Michael Faraday
63%
Resolved the ultraviolet catastrophe by considering quanta of electromagnetic radiation Max Planck
60%
Formulated the most famous wave equation in quantum mechanics (1926) Erwin Schrödinger
58%
Discovered X-rays Wilhelm Roentgen
54%
Discovered the vaccination for smallpox Edward Jenner
52%
Invented the 'plum pudding' model of the atom J.J. Thomson
50%
Nobel laureate who invented a process to synthesise ammonia Fritz Haber / Carl Bosch
46%
Discovered the neutron James Chadwick
44%
Introduced the concept of particle wavelength Louis de Broglie
31%
Discovered insulin Frederick Banting
25%
Discovered infrared radiation and the planet Uranus William Herschel
25%
Played the leading role in the development of density functional theory Walter Kohn
10%
Discovered the process of photosynthesis Jan Ingenhousz
6%
Optical physicist who developed chirped pulse amplification Donna Strickland / Gerard Mourou
4%
No matching quizzes found
Score Distribution
Percent of People with Each Score
Percentile by Number Answered
Your Score History
You have not taken this quiz since the last reset